Dyslexia : its neuropsychology and treatment
Αποθηκεύτηκε σε:
| Άλλοι συγγραφείς: | , |
|---|---|
| Μορφή: | Βιβλίο |
| Γλώσσα: | English |
| Δημοσίευση: |
Chichester :
John Wiley,
1986
|
| Θέματα: | |
| Ετικέτες: |
Προσθήκη ετικέτας
Δεν υπάρχουν, Καταχωρήστε ετικέτα πρώτοι!
|
MARC
| LEADER | 00000nam a2200000 i 4500 | ||
|---|---|---|---|
| 001 | 1/74263 | ||
| 008 | 960725s1986 eng d | ||
| 020 | |a 0-471-90875-4 | ||
| 035 | |a 1987 |c Αγορά |l 10031753 | ||
| 040 | |a GR-MY-UA |b gre |e aacr | ||
| 041 | 0 | |a eng | |
| 082 | 0 | |a 616.8553 | |
| 245 | 1 | 0 | |a Dyslexia : |b its neuropsychology and treatment / |c edited by George T. Pavlidis, Dennis F. Fisher |
| 260 | |a Chichester : |b John Wiley, |c 1986 | ||
| 300 | |a xx, 316 p.; |b ill.; |c 24 cm | ||
| 500 | |a Based on papers from a conference held in Thessaloniki, Greece, June 1983, and co-sponsored by the Orton Dyslexia Society and the International Academy for Research in Learning Disabilities | ||
| 650 | 0 | 0 | |a Dyslexia |x Congresses. |
| 700 | 1 | |a Pavlidis, George T. |4 edt | |
| 700 | 1 | |a Fisher, Dennis F. |4 edt | |
| 852 | |a INST |b RHODES |e 19960725 |h 616.8553 DYS |p 005400001429 |q 005400001429 |t BK |y 0 | ||
| 909 | |a Ρ |b 008505 |c 1987 | ||